Black Hawk Down A Story of Modern War / (Record no. 616761)

000 -LEADER
fixed length control field 00368nam a22001337a 4500
020 ## - INTERNATIONAL STANDARD BOOK NUMBER
Qualifying information PB.
040 ## - CATALOGING SOURCE
Transcribing agency Fizza Ishaq
082 ## - DEWEY DECIMAL CLASSIFICATION NUMBER
Classification number 791.4372
Author Mark MAW
100 ## - MAIN ENTRY--PERSONAL NAME
Personal name Borwden, Mark.
9 (RLIN) 133798
245 ## - TITLE STATEMENT
Title Black Hawk Down A Story of Modern War /
Statement of responsibility, etc. Mark Borwden.
260 ## - PUBLICATION, DISTRIBUTION, ETC.
Place of publication, distribution, etc. New York;
Name of publisher, distributor, etc. Penguin Books,
Date of publication, distribution, etc. 1999.
300 ## - PHYSICAL DESCRIPTION
Extent 392 p. ;
Dimensions 5.5 x 1.2 x 8.3 inches
942 ## - ADDED ENTRY ELEMENTS (KOHA)
Source of classification or shelving scheme
Koha item type Book
Holdings
Withdrawn status Lost status Source of classification or shelving scheme Damaged status Not for loan Permanent Location Current Location Shelving location Date acquired Total Checkouts Full call number Barcode Date last seen Price effective from Koha item type
          NUST Baluchistan Campus (NBC) NUST Baluchistan Campus (NBC) General Stacks 03/31/2026   791.4372 MAW QD-921 03/31/2026 03/31/2026 Book
© 2023 Central Library, National University of Sciences and Technology. All Rights Reserved.